[Event "GER Pfingstopen U12"]
[Site "Playchess.com INT"]
[Date "2020.06.02"]
[Round "2"]
[White "Krenz, Can Luka"]
[Black "Loeffelholz, Simon"]
[Result "1-0"]
[WhiteElo "1320"]
[BlackElo "1620"]
[PlyCount "113"]
[EventDate "2020.06.02"]
[EventType "swiss (blitz)"]
[EventRounds "11"]
[EventCountry "GER"]
[SourceTitle "CBM 197 Extra"]
[Source "ChessBase"]
[SourceDate "2020.09.30"]
[SourceVersion "1"]
[SourceVersionDate "2020.09.30"]
[SourceQuality "1"]

1. e4 e5 2. d4 Nc6 3. dxe5 Nxe5 4. Nf3 Nxf3+ 5. Qxf3 Nf6 6. Nc3 d6 7. Bg5 Bg4 8. Qxg4 Nxg4 9. Bxd8 Rxd8 10. Be2 Ne5 11. 0-0 Be7 12. Bb5+ c6 13. Bd3 0-0 14. f4 Nxd3 15. cxd3 d5 16. exd5 Bc5+ 17. Kh1 Rde8 18. Rfe1 Bf2 19. Rxe8 Rxe8 20. Rf1 Bb6 21. h3 Bc7 22. dxc6 bxc6 23. Rd1 Bxf4 24. d4 g5 25. b4 h5 26. g4 hxg4 27. hxg4 Kh7 28. Rd3 Re1+ 29. Kg2 Kg6 30. Rf3 Bd2 31. a4 a6 32. b5 axb5 33. axb5 cxb5 34. Nxb5 Be3 35. d5 Rg1+ 36. Kh2 Rxg4 37. Rxe3 f5 38. Rd3 f4 39. d6 Rh4+ 40. Kg2 Rh8 41. d7 Rd8 42. Na7 g4 43. Nc6 f3+ 44. Kf1 Rh8 45. d8Q Rh1+ 46. Kf2 Rh2+ 47. Kg3 Rh3+ 48. Kxg4 Rh5 49. Rxf3 Rh4+ 50. Kxh4 Kg7 51. Qd1 Kg6 52. Kg3 Kg5 53. Kf2 Kg4 54. Qf1 Kg5 55. Qg1+ Kh4 56. Rf8 Kh5 57. Rh8# 1-0